000 00586nam a22001937a 4500
999 _c194181
_d194181
005 20221209113356.0
010 _aENG-135802
020 _a9789351246770
_c395.00
035 _aEN-119334
037 _bDBAD/PUB
082 _a576
100 _aAdesh Kumar
245 _aQuestion Bank of Microbiology/
260 _aNew Delhi
_bAstral International Pvt. Ltd
_c2022
270 _a4736/23 Ansari Road Daryaganj
_bNew Delhi
_e110002
_minfo@astralint.com
_k011-43549197,
300 _av, 394p.
_c20cm(pbk)
700 _aSushil Kumar Singh
942 _2ddc
_cEN
_h576
_mADE